000 00696nam a22002417a 4500
003 UA-OsUOA
001 34635
007 ta
008 20051017b un ||||| |||| 00| 0 ukr d
100 _aЛевандовский А. П.
090 _a929
_bЛ34
942 _cBK
040 _aUA-OsUOA
_brus
_cUA-OsUOA
_dUA-OsUOA
245 _aКарл Великий. Через Империю к Европе
_bСерия избраных биографий
300 _a272 с.
955 _a2
041 _arus
080 _a929
020 _a5-87883-014-0
260 _aМ.
_bСоратник
_c1995
650 7 _a9 Географія. Біографії. Історія
_2UDC
999 _c321063
_d321063